Statistics for Twilight Imperium 4th Edition Factions

Click here to take the quiz!

General Stats

  • This quiz has been taken 22 times
  • The average score is 17 of 24

Answer Stats

HintAnswer% Correct
TechnologyThe Universities of Jol-Nar
100%
Fear is death.Sardakk N'orr
83%
HivemindThe Arborec
83%
WarThe Barony of Letnev
83%
WanderersThe Clan of Saar
83%
War SunsThe Embers of Muaat
83%
TradersThe Emirates of Hacan
83%
HumansThe Federation of Sol
83%
WormholesThe Ghosts of Creuss
83%
LazaxThe L1Z1X Mindnet
83%
ReptilesThe Naalu Collective
83%
MordaiThe Nekro Virus
83%
AmphibiansThe Xxcha Kingdom
83%
Action CardsThe Yssaril Tribes
83%
PiratesThe Mentak Coalition
67%
MemoriaThe Nomad
67%
PDSsThe Titans of Ul
67%
CustodiansThe Winnu
67%
GreyfireThe Yin Brotherhood
67%
IxthThe Mahact Gene-Sorcerers
50%
Gravity TearsThe Vuil'Raith Cabal
50%
WardensThe Argent Flight
33%
MultiverseThe Empyrean
33%
ExplorationThe Naaz-Rokha Alliance
33%

Score Distribution

Percentile by Number Answered

Percent of People with Each Score

Your Score History

You have not taken this quiz